The Oxford dictionary of modern quotations / (Record no. 27100)
[ view plain ]
| 000 -LEADER | |
|---|---|
| fixed length control field | 01295cam a22003495i 4500 |
| 001 - CONTROL NUMBER | |
| control field | 14035568 |
| 003 - CONTROL NUMBER IDENTIFIER | |
| control field | OSt |
| 005 - DATE AND TIME OF LATEST TRANSACTION | |
| control field | 20190210122309.0 |
| 008 - FIXED-LENGTH DATA ELEMENTS--GENERAL INFORMATION | |
| fixed length control field | 050713r2004 enk fr 001 0 eng d |
| 020 ## - INTERNATIONAL STANDARD BOOK NUMBER | |
| International Standard Book Number | 0198609515 |
| 020 ## - INTERNATIONAL STANDARD BOOK NUMBER | |
| International Standard Book Number | 9780198609515 |
| 040 ## - CATALOGING SOURCE | |
| Original cataloging agency | DLC |
| Transcribing agency | DLC |
| Modifying agency | EG-ScBUE |
| Language of cataloging | eng |
| 082 04 - DEWEY DECIMAL CLASSIFICATION NUMBER | |
| Classification number | 082 |
| Edition number | 22 |
| Item number | OXF |
| 245 04 - TITLE STATEMENT | |
| Title | The Oxford dictionary of modern quotations / |
| Statement of responsibility, etc | edited by Elizabeth Knowles. |
| 246 00 - VARYING FORM OF TITLE | |
| Title proper/short title | Dictionary of modern quotations |
| 246 00 - VARYING FORM OF TITLE | |
| Title proper/short title | Modern quotations |
| 250 ## - EDITION STATEMENT | |
| Edition statement | 2nd ed. |
| Remainder of edition statement | Paperback ed. with supplement: Soundbites 2002-4 |
| 264 #1 - PUBLICATION, DISTRIBUTION, ETC. (IMPRINT) | |
| Place of publication, distribution, etc | Oxford, England ; |
| -- | New York : |
| Name of publisher, distributor, etc | Oxford University Press Inc., |
| Date of publication, distribution, etc | c.2004. |
| 300 ## - PHYSICAL DESCRIPTION | |
| Extent | xv, 496 pages ; |
| Dimensions | 20 cm. |
| 336 ## - CONTENT TYPE | |
| Source | rdacontent |
| Content type term | txt |
| 337 ## - MEDIA TYPE | |
| Source | rdamedia |
| Media type term | unmediated |
| 338 ## - CARRIER TYPE | |
| Source | rdacarrier |
| Carrier type term | volume |
| 490 0# - SERIES STATEMENT | |
| Series statement | Oxford paperback reference |
| 500 ## - GENERAL NOTE | |
| General note | Includes indexes. |
| 650 #7 - SUBJECT ADDED ENTRY--TOPICAL TERM | |
| Topical term or geographic name as entry element | Quotations, English. |
| Source of heading or term | BUEsh |
| 650 #7 - SUBJECT ADDED ENTRY--TOPICAL TERM | |
| Topical term or geographic name as entry element | Quotations. |
| Source of heading or term | BUEsh |
| 9 (RLIN) | 41967 |
| 653 ## - INDEX TERM--UNCONTROLLED | |
| Resource For college | Humanities: English |
| Arrived date list | February2019 |
| 700 1# - ADDED ENTRY--PERSONAL NAME | |
| Personal name | Knowles, Elizabeth |
| Fuller form of name | (Elizabeth M.) |
| Relator term | editor. |
| 856 42 - ELECTRONIC LOCATION AND ACCESS | |
| Materials specified | Contributor biographical information |
| Uniform Resource Identifier | <a href="http://www.loc.gov/catdir/enhancements/fy0725/2005279325-b.html">http://www.loc.gov/catdir/enhancements/fy0725/2005279325-b.html</a> |
| 856 41 - ELECTRONIC LOCATION AND ACCESS | |
| Materials specified | Table of contents only |
| Uniform Resource Identifier | <a href="http://www.loc.gov/catdir/enhancements/fy0907/2005279325-t.html">http://www.loc.gov/catdir/enhancements/fy0907/2005279325-t.html</a> |
| 942 ## - ADDED ENTRY ELEMENTS (KOHA) | |
| Source of classification or shelving scheme | Dewey Decimal Classification |
| Koha item type | Reference (NB) |
| Withdrawn status | Lost status | Source of classification or shelving scheme | Damaged status | Not for loan | Home library | Current library | Shelving location | Date acquired | Source of acquisition | Cost, normal purchase price | Serial Enumeration / chronology | Total Checkouts | Full call number | Barcode | Date last seen | Price effective from | Koha item type |
|---|---|---|---|---|---|---|---|---|---|---|---|---|---|---|---|---|---|
| Dewey Decimal Classification | Central Library | Central Library | Ground Floor | 10/02/2019 | Purchase | 155.00 | 72410 | 082 OXF | 000034289 | 15/07/2025 | 10/02/2019 | Reference (NB) |